Réfs de Friends - D - Statistiques

Statistiques générales
  • Ce quiz a été pris 287 fois
  • Le résultat moyen est 11 sur 16
Statistiques - réponses
Par images Hint Réponse % Correct
Nombre d'enfants de Chandler et Monica 2
97%
Nombre de pages écrites par Rachel 18 pages recto verso
94%
Ils ont mis leur tête dedans Dinde
91%
Prénom de son rôle Drake
89%
Qu'a-t-il changé pour son rendez-vous ? Dents (Blanchissement)
88%
Métier Danseuse
81%
Prénom David
80%
Passion Dinosaure
78%
Métier Drag Queen
78%
Annonce de Thanksgivings Divorce
71%
Numéro d'appartement (à partir de la saison 2) 19
63%
Prénom Danny
52%
Ross se considère comme... Docteur
47%
Selon Rachel,quel est le metier de Chandler ? Developpateur
34%
Prénom Doug
17%
Nom de l'évènement Réveillon Rock de {Dick Clark}
13%
Aucun quiz correspondant
Distribution des résultats
% des personnes avec chaque résultat
Percentile par nombre de réponses
Votre historique - résultats
Vous n’avez pas pris ce quiz